แสดงรายละเอียดบรรณานุกรม
  กลับหน้าหลัก

Brief Record : Get Marc (ISO 2709) : E-mail record : QR code ปิดหน้าต่าง
สารบัญ Review โดย
ใช้งานได้ทุกระบบ
ห้องสมุด วพบ.ขอนแก่น
ใช้งานได้ทุกระบบ เมื่อ22/มกราคม/2558
  • บทนำ การเพิ่มของประชากรผู้สูงอายุไทยและบทบาทของพยาบาลในการดูแลสุขภาพผู้สูงอายุ
  • บทที่ 1 ทฤษฎีผู้สูงอายุ
  • บทที่ 2 แนวคิดแบบแผนสุขภาพ
  • บทที่ 3 ภาวะสุขภาพของผู้สูงอายุ
  • บทที่ 4 ภาวะโภชนาการของผู้สูงอายุ
  • บทที่ 5 การขับถ่ายในผู้สูงอายุ
  • บทที่ 6 กิจกรรมและการออกกำลังกายในผู้สูงอายุ
  • บทที่ 7 การพักผ่อนนอนหลับในผู้สูงอายุ
  • บทที่ 8 สติปัญญาและการรับรู้ในผู้สูงอายุ
  • บทที่ 9 การรับรู้ต่อตนเองและอัตมโนทัศน์ในผู้สูงอายุ
  • บทที่ 10 บทบาทและสัมพันธภาพระหว่างผู้สูงอายุกับครอบครัวและชุมชน
  • บทที่ 11เพศสัมพันธ์และผู้สูงอายุ
  • บทที่ 12 ความเครียดและการปรับตัวในผู้สูงอายุ
  • บทที่ 13 ความเชื่อ ค่านิยม จิตวิญญาณและความตายในผู้สูงอายุ
  • บทที่ 14 สิทธิและสวัสดิการของผู้สูงอายุไทย

E-books : เกี่ยวกับ Collections
LEADER 00000nama 2200000uu 4500
001    190637
003     ULIBM
008    040531s|||| th m m a000 0 tha d
020    ^a9742948526
041    tha
050    WY152 ก495 2548
100    บุญศรี นุเกตุ, บรรณาธิการ.
245    การพยาบาลผู้สูงอายุ/บรรณาธิการ, บุญศรี นุเกตุ, ปาลีรัตน์ พรทวีกัณทา และคณะ.
250    พิมพ์ครั้งที่2,3
260    2548,นนทบุรี. โครงการสวัสดิการวิชาการ สถาบันพระบรมราชชนก.
300    243 หน้า
600    I.สถาบันพระบรมราชชนก,โครงการสวัสดิการวิชาการ.
650    1.การพยาบาลผู้สูงอายุและโรคเรื้อรัง 2.การพยาบาลเฉพาะทาง.
995    001
999    ^aใช้งานได้ทุกระบบ
รายการนี้ยังไม่มีแท็ก
คุณยังไม่ได้ล็อกอิน คุณสามารถมีกิจกรรมร่วมกับเว็บไซต์ได้ แต่ต้องล็อกอินก่อน ::
  ล็อกอิน
ลำดับที่ ประเภท เลขเรียก สถานที่ สถานะ
1. หนังสือทั่วไป
หนังสือทั่วไป
WY152 ก495 2548  
  
หนังสือทั่วไป On Shelf
  ขอยืม
2. หนังสือทั่วไป
หนังสือทั่วไป
WY152 ก495 2548  
  
หนังสือทั่วไป On Shelf
  ขอยืม
3. หนังสือทั่วไป
หนังสือทั่วไป
WY152 ก495 2548  
  
หนังสือทั่วไป On Shelf
  ขอยืม
   [แสดง 3/3 รายการ]

BibComment


ยังไม่เคยถูกคอมเมนท์

คอมเมนท์ทรัพยากรรายการนี้
  คอมเมนท์: การพยาบาลผู้สูงอา..
Bib 190637

 
 
 

 Union Library Management : ULibM
Copyright 2026. All Rights Reserved.
скачать бесплатно без регистрации порно красивый секс HD Sex Hindi sex

xxx gou

xxxx

bfxxx

xxxwww

Секса Видео

xxxx

Секса Видео

detube

geilexxx

C99 Shell

worms shell

blod xxx video
Ebony Coed Rihanna Rimes Takes A Dick In Her Young Twat priyaa indian fuck anal and pusssy hardcore indian women xxx desi hardcore fucking part 1 bengalixxxcouple